ბათუმის შოთა რუსთაველის სახელმწიფო უნივერსიტეტის ბიბლიოთეკა

საისტორიო მაცნე : (ბიბ.ჩანაწერი № 61506)

000 -ლიდერი
ფიქსირებული სიგრძის საკონტროლო ველი 01297nam a22002417a 4500
003 - საკონტროლო ნომრის იდენტიფიკატორი
საკონტროლო ველი Ge_BSU
005 - ბოლო ოპერაციის თარიღი და დრო
საკონტროლო ველი 20240320153404.0
008 - ფიქსირებული სიგრძის მონაცემთა ელემენტები - ზოგადი ინფორმაცია
ფიქსირებული სიგრძის საკონტროლო ველი 240320s2005ge xxu||||| |||| 00| 0 geo d
020 ## - წიგნის საერთაშორისო სტანდარტული ნომერი
International Standard Book Number 9992896752
041 ## - ენის კოდი
Language code of text/sound track or separate title geo
080 ## - უნივერსალური ათობითი კლასიფიკაციის ინდექსი
Universal Decimal Classification number 94(479.22)(063) ს-18
245 ## - ცნობა სათაურის შესახებ
Title საისტორიო მაცნე :
Remainder of title შრომების კრებული XV /
Statement of responsibility, etc ტომის რედ. ერმილე მესხია
264 ## - წარმოების, გამოცემის, დისტრიბუციის და სხვა ცნობები
გამოცემის, წარმოების, დისტრიბუციის... ადგილი ბათუმი :
გამოცემის, წარმოების, დისტრიბუციის... სახელწოდება უნივერსიტეტის გამ-ბა,
გამოცემის, წარმოების, დისტრიბუციის... თარიღი 2005.
300 ## - ფიზიკური აღწერა
Extent 399 გვ:.
Other physical details 20 სმ.
500 ## - ზოგადი შენიშვნა
General note საისტორიო მაცნე გამოდის 1995 წლიდან
501 ## - შენიშვნა თანმხლებ მასალაზე
With note საიუბილეო გამოცემა
600 ## - SUBJECT ADDED ENTRY--PERSONAL NAME
9 (RLIN) 21495
Title of a work საიუბილეო გამოცემა
653 ## - INDEX TERM--UNCONTROLLED
Uncontrolled term საისტორიო მაცნე
653 ## - INDEX TERM--UNCONTROLLED
Uncontrolled term შრომების კრებული
700 ## - ADDED ENTRY--PERSONAL NAME
Personal name მესხია, ერმილე
Relator term რედაქტორი
9 (RLIN) 21494
710 ## - ADDED ENTRY--CORPORATE NAME
Corporate name or jurisdiction name as entry element ბათუმის შოთა რუსთაველის სახელმწიფო უნივერსიტეტი, საქართველოს ისტორიის კათედრა
9 (RLIN) 21463
942 ## - ADDED ENTRY ELEMENTS (KOHA)
Source of classification or shelving scheme
Koha item type შრომები
ეგზემპლარები
ჩამოწერის სტატუსი დაკარგული ეგზემპლარის სტატუსი კლასიფიკაციის წყარო ან თაროზე გაწყობის სქემა დაზიანების სტატუსი არ გაიცემა მუდმივი მდებარეობა (დაცვის ადგილი) ამჟამინდელი ადგილსამყოფელი თაროზე განთავსების ადგილი შეძენის თარიღი ღირებულება, შესყიდვის ნორმალური ფასი სრული შენახვის შიფრი შტრიხკოდი ბოლო ოპერაციის თარიღი ეგზემპლარის მიმდევრობითი ნომერი (კეტერი?) ფასის ძალაში შესვლის თარიღი ეგზემპლარის სახეობა საჯარო შენიშვნა
          ბათუმის შოთა რუსთაველის სახელმწიფო უნივერსიტეტის მთავარი ბიბლიოთეკა ბათუმის შოთა რუსთაველის სახელმწიფო უნივერსიტეტის მთავარი ბიბლიოთეკა წიგნსაცავი 2024-03-20 8.00 94(479.22)(063) ს-18 67682 2024-03-20 67682 2024-03-20 შრომები 8.00
          ბათუმის შოთა რუსთაველის სახელმწიფო უნივერსიტეტის მთავარი ბიბლიოთეკა ბათუმის შოთა რუსთაველის სახელმწიფო უნივერსიტეტის მთავარი ბიბლიოთეკა წიგნსაცავი 2024-03-20 8.00 94(479.22)(063) ს-18 67684 2024-03-20 67684 2024-03-20 შრომები 8.00
          ბათუმის შოთა რუსთაველის სახელმწიფო უნივერსიტეტის მთავარი ბიბლიოთეკა ბათუმის შოთა რუსთაველის სახელმწიფო უნივერსიტეტის მთავარი ბიბლიოთეკა წიგნსაცავი 2024-03-20 10.00 94(479.22)(063) ს-18 67683 2024-03-20 67683 2024-03-20 შრომები 10.00
          ბათუმის შოთა რუსთაველის სახელმწიფო უნივერსიტეტის მთავარი ბიბლიოთეკა ბათუმის შოთა რუსთაველის სახელმწიფო უნივერსიტეტის მთავარი ბიბლიოთეკა წიგნსაცავი 2024-03-27 8.00 94(479.22)(063) ს-18 67722 2024-03-27 67722 2024-03-27 შრომები 8 ლ.